000 00720nam a2200289Ia 4500
005 20260324115207.0
008 008 260324s9999 xx 000 0 eng d
020 _a9780429029721
037 _aEBOOK
040 _aCRL
040 _beng
040 _cCRL
041 _2eng
041 _aeng
084 _qCRL
100 _aFuewen Frank Liou
_91153721
245 0 _aRapid Prototyping and Engineering Applications
245 2 _bA Toolbox for Prototype Development, Second Edition
260 _bTaylor and Francis
260 _c2019
365 _a
365 _b385
856 _uhttp://www.taylorfrancis.com/books/9780429029721
942 _cEBOOK
999 _c1744422
_d1744422